Identifikácia rizikových oblastí v konkrétnej účtovnej jednotke z pohľadu auditu účtovnej závierky a návrh na ich riešenia diplomová práca

Uložené v:
Podrobná bibliografia
Hlavný autor: Krpelanová, Miroslava
Korporativný autor: Fakulta hospodárskej informatiky EU. Katedra účtovníctva a audítorstva
Ďalší autori: Krišková, Petra, 1981-
Médium: Kniha
Jazyk:Slovak
Vydavateľské údaje: Bratislava 2016
Tagy: Pridať tag
Žiadne tagy, Buďte prvý, kto otaguje tento záznam!

MARC

LEADER 00000nbm a2200000 4500
001 0216900
005 20240905090003.3
041 0 |a slo 
044 |a SK 
245 1 0 |a Identifikácia rizikových oblastí v konkrétnej účtovnej jednotke z pohľadu auditu účtovnej závierky a návrh na ich riešenia  |b diplomová práca  |c Miroslava Krpelanová ; školiteľ: Petra Krišková 
264 1 |a Bratislava  |c 2016 
300 |a 84 s. 
100 1 |a Krpelanová, Miroslava 
700 1 |a Krišková, Petra, 1981- 
710 2 |a Fakulta hospodárskej informatiky EU. Katedra účtovníctva a audítorstva